00695 2200217 4500001002100000005001700021008004100038035002400079040001200103082001100115090002000126100001800146245007700164260008000241300004200321500002500363504002900388650003000417850001200447990001800459YOGYA-0113000000197420130131135925.0 ind  0010-011300000001974 aYOPDYOG a364.36 aSK 364.36 Fit K aFITRIAH RAZAK aKenalan remaja dikalangan anak-anak tentara/cdisusun oleh Fitriah Razak aYogyakarta:bSekolah Tinggi Pembangunan Masyarakat Desa "APMD" STPMD,c2005 a(vi),91(22)lbr.:bilus.,lamp.;c29 cm aSkripsi STPMD "APMD" abibliografi: (lbr.97-98) aKejahatan anak dan remaja aYOPDYOG a43037-PD/A-12